000 01685cam a2200421 a 4500
001 exploringsanddes00bitt
003 CaSfIA
005 20210118082200.0
007 cr||||
008 930414s1993 waua j b 000 0 eng
010 _a 92062463
040 _aDLC
_cDLC
_dOCL
_dBAKER
_dBTCTA
_dOCLCQ
_dCNCGM
_dCaSfIA
020 _a0911019588
020 _a9780911019582
035 _a(OCoLC)28083004
042 _alcac
050 0 0 _aGB611
_b.B58 1993
050 1 4 _aQE471.2 .B57
082 0 0 _a551.4/15
_220
100 1 _aBittinger, Gayle.
245 1 0 _aExploring sand and the desert /
_h[electronic resource]
_cby Gayle Bittinger ; illustrations by Gary Mohrmann.
260 _aEverett, Wash :
_bWarren Pub. House,
_cc1993.
300 _a93, [3] p. :
_bill. ;
_c28 cm.
500 _a"Totline books"--P. [96].
504 _aIncludes bibliographical references (p. 92-93).
650 0 _aDeserts
_vJuvenile literature.
650 0 _aSand
_vJuvenile literature.
650 1 _aDeserts.
650 1 _aSand.
700 1 _aMohrman, Gary,
_eill.
740 0 _aExploring sand.
856 4 1 _uhttp://www.archive.org/details/exploringsanddes00bitt
_zFree eBook from the Internet Archive
856 4 2 _uhttp://www.openlibrary.org/books/OL1747714M
_zAdditional information and access via Open Library
029 1 _aAU@
_b000010253540
942 _cEB
506 _fНеобхідна авторизація на https://archive.org/ (створення облікового запису безкоштовно)
506 _fНеобхідна авторизація на https://openlibrary.org/ (створення облікового запису безкоштовно)
999 _c494594
_d494594